000 00654nam a2200241Ia 4500
003 OSt
005 20220928115653.0
006 a|||||r|||| 00| 0
007 ta
008 220927b |||||||| |||| 00| 0 eng d
024 _a69566
037 _cTextual
040 _aSDCL
_cSDCL
_beng
041 _2eng
_aeng
082 _aV5'P, P6
100 _aRyrie Alec Ed.
_9445443
245 0 _aPalgrave advances in the European reformations
260 _aNew York
_b Palgrave Macmillan
_c2006
300 _axi,300p
_ccm.
650 _aHistory European
_9437148
942 _hV5'P, P6
_cTEXL
_2CC
999 _c760387
_d760387